Films de Quentin Tarantino par images - Mort Subite - Statistiques

Statistiques générales
  • Ce quiz a été pris 1 444 fois
    878 depuis la dernière actualisation
  • Le résultat moyen est 6 sur 8
Answers on the Grid
Answers color-coded by a green-red scale on the quiz's grid according to % correct below.
 
Statistiques - réponses
Réponse % Correct
Kill Bill
87%
Pulp Fiction
85%
Django Unchained
82%
Once Upon a Time… in Hollywood
77%
Inglourious Basterds
76%
Reservoir Dogs
74%
Les Huit Salopards
54%
Boulevard de la mort
52%
Aucun quiz correspondant
Distribution des résultats
% des personnes avec chaque résultat
Percentile par nombre de réponses
Votre historique - résultats
Vous n’avez pas pris ce quiz depuis la dernière actualisation